000 00837nas a2200289 4500
001 BR0300884
003 BR-BrBNA
005 20231205103611.0
007 ta
008 230509b bl.|||p| |||| 00| 00por d
040 _aBR-BrBNA
_bpor
_cBiblioteca Nacional de Agricultura
041 _a(Pt)
072 _aF60
100 1 _aSilva, C.V.
100 1 _aOliveira, E.L.
100 1 _aGuedes, M.L.S.
100 1 _aVeloso, E.S.
245 1 _aMicromoléculas de raízes de Zanthoxylum stelligerum (Turcz)
650 _aPLANTA MEDICINAL
650 _aALCALÓIDE
650 _aRUTACEAE
650 _aRAIZ
650 _aANÁLISE QUÍMICA
773 0 _tRevista Brasileira de Plantas Medicinais (Brazil)
_xISSN 1516-0572
_g(Oct 2002), v. 5(1) p. 75-78
_wBR0300884
909 _a202311
_bLúcia
_c55
_dLúcia Elande
942 _2AGRIS
_n0
_cANA
999 _c173751
_d173751